Top 30 personnages d'Inazuma Eleven (saisons 1,2,3) - Statistiques

Statistiques générales
  • Ce quiz a été pris 75 fois
  • Le résultat moyen est 18 sur 30
Statistiques - réponses
Réponse % Correct
1 Axel
100%
4 Mark
97%
17 Mark
97%
3 Jude
95%
7 Xavier
90%
24 Jack
89%
13 Nathan
86%
8 Shawn
86%
12 Byron
81%
5 Paolo
76%
14 Erik
73%
20 Torch
65%
28 David
63%
11 Edgar
63%
19 Caleb
62%
23 Austin
60%
22 Hurley
54%
26 Archer
51%
25 Dvalin
51%
9 Thiago
51%
30 Thor
51%
6 Robingo
46%
2 Helio
44%
18 Dylan
33%
21 Fox
30%
10 Nakata
27%
15 Destra
24%
16 Saël
24%
29 Joseph
16%
27 Changsu
3%
Aucun quiz correspondant
Distribution des résultats
% des personnes avec chaque résultat
Percentile par nombre de réponses
Votre historique - résultats
Vous n’avez pas pris ce quiz